Whitest Brazilian States - Statistics

General Stats
  • This quiz has been taken 88 times
  • The average score is 8 of 10
Answer Stats
% Estado % Correct
41.98% Rio de Janeiro
99%
57.78% São Paulo
96%
76.28% Santa Catarina
92%
78.42% Rio Grande do Sul
91%
64.57% Paraná
86%
41.08% Minas Gerais
83%
38.58% Espírito Santo
73%
42.38% Mato Grosso do Sul
71%
39.98% Distrito Federal
62%
39.49% Rio Grande do Norte
53%
No matching quizzes found
Score Distribution
Percent of People with Each Score
Percentile by Number Answered
Your Score History
You have not taken this quiz